| 000 | 00801nam a2200277 i 4500 | ||
|---|---|---|---|
| 001 | 6711 | ||
| 003 | ES-MaACL | ||
| 005 | 20230906145047.0 | ||
| 007 | t| | ||
| 008 | 900301s1989 sp ||||1| spa d | ||
| 020 | _a84-86104-28-9 | ||
| 080 | _a159.964.2 | ||
| 080 | _a159.96 | ||
| 100 | 1 |
_aMancia, Mauro. _975928 |
|
| 245 | 1 | 3 |
_aEl Sueño como religion de la mente / _cMauro Mancia. |
| 260 |
_aMadrid : _bTecnipublicaciones, _cD.L. 1989. |
||
| 300 |
_a140 p. ; _c23 cm. |
||
| 490 | 1 |
_aContinente-contenido ; _v21 |
|
| 500 | _aIndices. | ||
| 504 | _aBibliogr.: p. 125-138. | ||
| 650 | 1 | 4 |
_aSueños- _xInterpretación. _917253 |
| 650 | 1 | 4 |
_aPsicoanálisis. _916530 |
| 830 | 0 |
_aContinente-contenido ; _v21 _9177309 |
|
| 852 |
_aES-MaACL _jL-13893 _bR.117497 _z. - rust. |
||
| 999 |
_c6711 _d6711 |
||